| 000 | 00523nam a2200181Ia 4500 | ||
|---|---|---|---|
| 999 |
_c1461 _d1461 |
||
| 003 | OSt | ||
| 005 | 20200930110655.0 | ||
| 008 | 190216s9999||||xx |||||||||||||| ||und|| | ||
| 040 | _coclc | ||
| 082 |
_a582.130433 _bSIN/E |
||
| 100 |
_aSingh, V _94777 |
||
| 245 | 0 |
_aEmbryology Of Angiosperms / _cV Singh ; P C Pande ; D K Jain |
|
| 250 | _a1st Ed. | ||
| 260 |
_bRastogi And Company, _c1996. _aMeerut: |
||
| 300 | _a126p | ||
| 650 | _aBotany | ||
| 942 |
_cBK _2ddc _h582.130433 _iSIN/E _k582.130433 _mSIN/E |
||